书目信息 |
| 题名: |
红梅花叫牌体系
|
|
| 作者: | 祝道武 著 | |
| 分册: | ||
| 出版信息: | 西安 西北工业大学出版社 2009.01 |
|
| 页数: | 220页 | |
| 开本: | 21cm | |
| 丛书名: | ||
| 单 册: | ||
| 中图分类: | G892 | |
| 科图分类: | ||
| 主题词: | 桥牌--qiao pai--基本知识 | |
| 电子资源: | ||
| ISBN: | 978-7-5612-2502-8 | |
| 000 | 00784nam0 2200229 450 | |
| 001 | 012009459641 | |
| 005 | 20091226093509.98 | |
| 010 | @a978-7-5612-2502-8@dCNY15.00 | |
| 100 | @a20091226d2009 em y0chiy0120 ea | |
| 101 | 0 | @achi |
| 102 | @aCN@b610000 | |
| 105 | @ay z 000yy | |
| 106 | @ar | |
| 200 | 1 | @a红梅花叫牌体系@Ahong mei hua jiao pai ti xi@f祝道武著@Fzhu dao wu zhu |
| 210 | @a西安@c西北工业大学出版社@d2009.01 | |
| 215 | @a220页@d21cm | |
| 330 | @a本书共分为7章,主要内容包括概述;强力叫牌;中强牌力叫牌;弱开叫;争叫;满贯叫牌;定约估算方法;附录:红梅花叫牌体系的各种问叫、红梅花叫牌体系概要等。 | |
| 606 | 0 | @a桥牌@Aqiao pai@x基本知识 |
| 690 | @aG892@v4 | |
| 701 | 0 | @a祝道武@Azhu dao wu@4著 |
| 801 | 0 | @aCN@bQSSK@c20091226 |
| 905 | @b768601-03@dG892@eZ915@f3 | |
| 红梅花叫牌体系/祝道武著.-西安:西北工业大学出版社,2009.01 |
| 220页;21cm |
| ISBN 978-7-5612-2502-8:CNY15.00 |
| 本书共分为7章,主要内容包括概述;强力叫牌;中强牌力叫牌;弱开叫;争叫;满贯叫牌;定约估算方法;附录:红梅花叫牌体系的各种问叫、红梅花叫牌体系概要等。 |
| ● |
| 相关链接 |
|
|
|
正题名:红梅花叫牌体系
索取号:G892/Z915
 
预约/预借
| 序号 | 登录号 | 条形码 | 馆藏地/架位号 | 状态 | 备注 |
| 1 | 768601 | 207686011 | 社科库409/309社科库 38排2列5层/ [索取号:G892/Z915] | 在馆 | |
| 2 | 768602 | 207686020 | 社科库409/309社科库 38排2列5层/ [索取号:G892/Z915] | 在馆 | |
| 3 | 768603 | 207686039 | 社科库409/309社科库 38排2列5层/ [索取号:G892/Z915] | 在馆 |